000 00436nam a2200181Ia 4500
001 14931
005 20260306164950.0
008 260306t2001||||xx |||||||||||||| ||spa||
041 _aESP
082 _a519.5
_bP45
100 _aPérez López, César
_eAUT
245 0 _aTécnicas estadísticas con SPSS
260 _c2001
300 _axix, 571 páginas :
_c24 cm.
650 _aGEN
654 _aCMA
942 _cLIB
_dJUS
_fJUS
_2ddc
_n
999 _c14931
_d14931